[Event "M.Chigorin Memorial 2014"]
[Site "St. Petersburg"]
[Date "2014.10.19"]
[Round "2.148"]
[White "Zhemchuzhina, Elizaveta"]
[Black "Kozhabekov, Adilkhan"]
[Result "0-1"]
[WhiteElo "1810"]
[BlackElo "2107"]
[PlyCount "60"]
[EventDate "2014.10.18"]
[EventType "swiss"]
[EventCountry "RUS"]

1. d4 Nf6 2. c4 b6 3. Nf3 Bb7 4. Nc3 e6 5. a3 d5 6. cxd5 exd5 7. Qa4+ c6 8. Bg5
Be7 9. e3 O-O 10. Bd3 Nbd7 11. O-O Re8 12. Rfe1 Ne4 13. Bf4 Bf8 14. Rad1 a6 15.
Ne5 Nxe5 16. Bxe5 Nc5 17. dxc5 Rxe5 18. cxb6 Qxb6 19. Qd4 Qc7 20. Qh4 g6 21.
Be2 Rae8 22. Bf3 Bc8 23. Qa4 Qb6 24. Re2 a5 25. e4 Ba6 26. Red2 f5 27. h3 fxe4
28. Bg4 e3 29. fxe3 Rxe3 30. Rf2 Re1+ 0-1

[Event "M.Chigorin Memorial 2014"]
[Site "St. Petersburg"]
[Date "2014.10.19"]
[Round "2.149"]
[White "Morozov, Boris"]
[Black "Reshetnikov, Ruslan"]
[Result "1/2-1/2"]
[WhiteElo "1805"]
[BlackElo "2106"]
[PlyCount "93"]
[EventDate "2014.10.18"]
[EventType "swiss"]
[EventCountry "RUS"]

1. e4 e6 2. d4 d5 3. Nc3 Nf6 4. Bg5 Bb4 5. Nge2 dxe4 6. a3 Be7 7. Bxf6 Bxf6 8.
Nxe4 O-O 9. c3 e5 10. Nxf6+ Qxf6 11. dxe5 Qxe5 12. Qd4 Qe7 13. O-O-O Nc6 14.
Qf4 Be6 15. Nd4 Nxd4 16. Rxd4 Rad8 17. h4 Rxd4 18. Qxd4 Rd8 19. Qe3 Bb3 20. Be2
Qxe3+ 21. fxe3 Kf8 22. Rf1 Ke7 23. Rf4 Rd6 24. Re4+ Re6 25. Rxe6+ Kxe6 26. Kd2
Bd5 27. Bf3 Bxf3 28. gxf3 Kf5 29. Ke2 h5 30. Kf2 f6 31. Kg3 Ke5 32. Kf2 c5 33.
c4 b6 34. a4 a6 35. b3 Kf5 36. Kg3 g5 37. Kh3 Ke6 38. Kg3 Ke5 39. Kh3 Kf5 40.
Kg3 Ke6 41. Kh3 Kd6 42. Kg3 Kc6 43. Kh3 b5 44. a5 bxc4 45. bxc4 Kd6 46. Kg3 Ke5
47. Kh3 1/2-1/2

[Event "M.Chigorin Memorial 2014"]
[Site "St. Petersburg"]
[Date "2014.10.19"]
[Round "2.150"]
[White "Skvortsov, Alexander"]
[Black "Zhivotovskaya, Asya"]
[Result "1-0"]
[WhiteElo "2099"]
[BlackElo "1775"]
[PlyCount "67"]
[EventDate "2014.10.18"]
[EventType "swiss"]
[EventCountry "RUS"]

1. c4 e6 2. g3 d5 3. Bg2 Nf6 4. Nf3 c6 5. b3 Bd6 6. Bb2 Nbd7 7. O-O O-O 8. d4
c5 9. Nc3 dxc4 10. bxc4 Nb6 11. Qd3 cxd4 12. Nxd4 a6 13. Rfd1 Qe7 14. Ne4 Nxe4
15. Bxe4 h6 16. Qc2 f5 17. Bg2 Rb8 18. Rac1 Bc5 19. Nb3 Nd7 20. Nxc5 Qxc5 21.
Qc3 Rf7 22. Ba3 Qb6 23. Rd6 Qd8 24. Rcd1 Qf6 25. Qc2 Nf8 26. Bb2 Qg5 27. Be5
Ra8 28. Rd8 Kh7 29. f4 Qe7 30. c5 Nd7 31. R1xd7 Bxd7 32. Rxa8 Bc6 33. Bxc6 bxc6
34. Rb8 1-0

[Event "M.Chigorin Memorial 2014"]
[Site "St. Petersburg"]
[Date "2014.10.19"]
[Round "2.151"]
[White "Shpartko, Grigory"]
[Black "Mihailov, Dimitri"]
[Result "1-0"]
[WhiteElo "2094"]
[BlackElo "1765"]
[PlyCount "49"]
[EventDate "2014.10.18"]
[EventType "swiss"]
[EventCountry "RUS"]

1. f4 b5 2. e3 Bb7 3. Nf3 b4 4. a3 a5 5. c3 c5 6. d4 e6 7. Nbd2 Nf6 8. Bd3 Be7
9. O-O O-O 10. e4 d5 11. e5 Nfd7 12. Ng5 g6 13. Qg4 h6 14. Nxe6 Qb6 15. f5 cxd4
16. Nxf8 dxc3+ 17. Kh1 Nxe5 18. Qg3 Nxd3 19. fxg6 f6 20. Qxd3 cxd2 21. g7 Kxg7
22. Qg6+ Kxf8 23. Bxd2 Bd6 24. Rae1 Be5 25. Rxe5 1-0

[Event "M.Chigorin Memorial 2014"]
[Site "St. Petersburg"]
[Date "2014.10.19"]
[Round "2.152"]
[White "Stroganov, Anatoly"]
[Black "Fraiman, Dmitry"]
[Result "0-1"]
[WhiteElo "1789"]
[BlackElo "2093"]
[PlyCount "68"]
[EventDate "2014.10.18"]
[EventType "swiss"]
[EventCountry "RUS"]

1. d4 Nf6 2. Nf3 g6 3. Nbd2 Bg7 4. e4 d6 5. c3 O-O 6. Be2 Nbd7 7. O-O e5 8. d5
a5 9. Re1 Nc5 10. Qc2 a4 11. Bf1 Nh5 12. b4 axb3 13. Nxb3 Nxb3 14. Qxb3 h6 15.
g3 f5 16. Nh4 Kh7 17. exf5 gxf5 18. Qc2 e4 19. f3 Nf6 20. fxe4 Nxe4 21. Rxe4
fxe4 22. Qxe4+ Kg8 23. Bd3 Qf6 24. Qh7+ Kf7 25. Be3 Rh8 26. Qe4 Re8 27. Qg6+
Ke7 28. Bg5 Qxg5 29. Re1+ Be5 30. Qh7+ Kd8 31. Nf3 Qf6 32. Rf1 Qg7 33. Nxe5
Qxh7 34. Bxh7 dxe5 0-1

[Event "M.Chigorin Memorial 2014"]
[Site "St. Petersburg"]
[Date "2014.10.19"]
[Round "2.153"]
[White "Sorokopudov, Vladimir M"]
[Black "Vorobyova, Valeriya"]
[Result "0-1"]
[WhiteElo "2091"]
[BlackElo "1742"]
[PlyCount "92"]
[EventDate "2014.10.18"]
[EventType "swiss"]
[EventCountry "RUS"]

1. d4 Nf6 2. c4 g6 3. Nc3 d5 4. Nf3 Bg7 5. Qb3 dxc4 6. Qxc4 O-O 7. e4 b6 8. Bf4
c6 9. Qb3 Bb7 10. Be2 Nbd7 11. O-O c5 12. d5 a6 13. a4 Nh5 14. Be3 Qc7 15. g3
Rae8 16. Rac1 e6 17. dxe6 Rxe6 18. Ng5 Ree8 19. Bxh5 gxh5 20. f3 Nf6 21. Bf4
Qc6 22. Rfd1 c4 23. Qb4 Rd8 24. Qe7 Rxd1+ 25. Rxd1 h6 26. Nh3 Re8 27. Qd6 Qxd6
28. Rxd6 Re6 29. Rd8+ Re8 30. Rd2 Bc6 31. Bc7 b5 32. axb5 axb5 33. Rd6 Re6 34.
Nf4 Rxd6 35. Bxd6 Ne8 36. Bc5 Nc7 37. Nfe2 Na6 38. Bd6 b4 39. Nd1 Ba4 40. Ne3
Bb5 41. Kf2 Bxb2 42. Nd1 c3 43. Nd4 Ba4 44. Ke2 Ba1 45. Ne3 b3 46. Nxb3 Bxb3
0-1

[Event "M.Chigorin Memorial 2014"]
[Site "St. Petersburg"]
[Date "2014.10.19"]
[Round "2.154"]
[White "Beltyukov, Denis"]
[Black "Bimiev, Ahmad"]
[Result "0-1"]
[WhiteElo "1781"]
[BlackElo "2090"]
[PlyCount "80"]
[EventDate "2014.10.18"]
[EventType "swiss"]
[EventCountry "RUS"]

1. d4 Nf6 2. c4 e6 3. Nf3 b6 4. Nc3 Bb7 5. e3 Be7 6. Bd3 d5 7. O-O O-O 8. b3
Nbd7 9. Bb2 c5 10. Qe2 Re8 11. Rfd1 Rc8 12. Rac1 Qc7 13. a3 Bf8 14. h3 h6 15.
Ne5 dxc4 16. Nxd7 cxd3 17. Nxf6+ gxf6 18. Qg4+ Kh7 19. dxc5 f5 20. Qh5 bxc5 21.
Nb5 Qe7 22. Nd6 Ba6 23. f4 Bg7 24. Bxg7 Kxg7 25. Nxe8+ Qxe8 26. g4 Qd7 27. gxf5
exf5 28. Kh2 Kh7 29. Rg1 c4 30. bxc4 Bxc4 31. Qh4 Rc6 32. Qf2 Qd5 33. Qb2 Rg6
34. Rxg6 fxg6 35. Qd4 Qxd4 36. exd4 Bb3 37. Rc7+ Kg8 38. d5 d2 39. d6 d1=Q 40.
d7 Qe2+ 0-1

[Event "M.Chigorin Memorial 2014"]
[Site "St. Petersburg"]
[Date "2014.10.19"]
[Round "2.155"]
[White "Baraeva, Marina"]
[Black "Tonkoshkur, Daniil"]
[Result "1-0"]
[WhiteElo "2089"]
[BlackElo "1721"]
[PlyCount "67"]
[EventDate "2014.10.18"]
[EventType "swiss"]
[EventCountry "RUS"]

1. d4 Nf6 2. c4 d6 3. Nc3 Nbd7 4. e4 e5 5. Nf3 g6 6. Be2 Bg7 7. O-O O-O 8. Be3
Ng4 9. Bg5 f6 10. Bh4 Nh6 11. dxe5 dxe5 12. Qd5+ Kh8 13. c5 c6 14. Qc4 Qe7 15.
b4 g5 16. Bg3 f5 17. exf5 Nxf5 18. Ne4 h6 19. Rad1 Nxg3 20. hxg3 Nf6 21. Nd6
Be6 22. Qc2 Nd5 23. a3 a5 24. b5 Rad8 25. Rfe1 b6 26. bxc6 bxc5 27. Nb7 Rc8 28.
Qxc5 Qxb7 29. Qxf8+ Rxf8 30. cxb7 Nc3 31. Rd6 Nxe2+ 32. Rxe2 Bb3 33. Rb6 Bc4
34. Rc2 1-0

[Event "M.Chigorin Memorial 2014"]
[Site "St. Petersburg"]
[Date "2014.10.19"]
[Round "2.156"]
[White "Shakhmatov, Roman"]
[Black "Gyokbulut, Julia"]
[Result "1/2-1/2"]
[WhiteElo "1775"]
[BlackElo "2086"]
[PlyCount "92"]
[EventDate "2014.10.18"]
[EventType "swiss"]
[EventCountry "RUS"]

1. e4 c5 2. Nf3 e6 3. g3 Nc6 4. Bg2 d6 5. O-O Nge7 6. c3 g6 7. d4 cxd4 8. cxd4
Bg7 9. Be3 O-O 10. Nc3 Na5 11. b3 Bd7 12. Qd2 Rc8 13. Rac1 b5 14. Bg5 f6 15.
Be3 b4 16. Ne2 d5 17. Rxc8 Bxc8 18. e5 fxe5 19. Nxe5 Bxe5 20. dxe5 Nac6 21. f4
Ba6 22. Rc1 Bxe2 23. Qxe2 Qd7 24. Qb5 Nxe5 25. Qxd7 Nxd7 26. Bh3 Nf5 27. Bxa7
Nf6 28. Bxf5 gxf5 29. Bd4 Ne4 30. Rc7 Ra8 31. Rg7+ Kf8 32. Rxh7 Rxa2 33. Rb7
Nd2 34. Bc5+ Kg8 35. Rxb4 Nf3+ 36. Kf1 Nxh2+ 37. Ke1 Nf3+ 38. Kd1 d4 39. Rb8+
Kf7 40. Rd8 Rd2+ 41. Kc1 Rg2 42. Bxd4 Rxg3 43. Bc5 e5 44. fxe5 Nxe5 45. b4 f4
46. Kd2 Ke6 1/2-1/2

[Event "M.Chigorin Memorial 2014"]
[Site "St. Petersburg"]
[Date "2014.10.19"]
[Round "2.157"]
[White "Alieva, Alexandra"]
[Black "Shadunts, Kirill"]
[Result "1-0"]
[WhiteElo "2085"]
[BlackElo "1696"]
[PlyCount "71"]
[EventDate "2014.10.18"]
[EventType "swiss"]
[EventCountry "RUS"]

1. e4 e6 2. d4 d5 3. Nd2 c5 4. c3 cxd4 5. cxd4 Nc6 6. Ngf3 Bd7 7. Bd3 Be7 8.
exd5 exd5 9. O-O Nf6 10. Re1 O-O 11. h3 Re8 12. Nf1 Qb6 13. Ne3 Bb4 14. Rf1 h6
15. a3 Bf8 16. Bb1 g6 17. Ba2 Be6 18. Qd3 Bg7 19. b4 a6 20. Bb2 Rac8 21. Ne5
Ne7 22. g4 Qd6 23. Rae1 Nd7 24. f4 Nf6 25. f5 gxf5 26. Nxf5 Nxf5 27. gxf5 Bd7
28. Qg3 Rc2 29. Rf2 Rxf2 30. Qxf2 Rc8 31. Bb1 Re8 32. Kh1 Bb5 33. Rg1 Qf8 34.
Bc1 Kh7 35. Qh4 Ng8 36. f6+ 1-0

[Event "M.Chigorin Memorial 2014"]
[Site "St. Petersburg"]
[Date "2014.10.19"]
[Round "2.158"]
[White "Fokin, Anatoly"]
[Black "Belova, Olga"]
[Result "1-0"]
[WhiteElo "1765"]
[BlackElo "2080"]
[PlyCount "57"]
[EventDate "2014.10.18"]
[EventType "swiss"]
[EventCountry "RUS"]

1. d4 Nf6 2. c4 e6 3. Nc3 Bb4 4. Qc2 d5 5. e3 O-O 6. Bd3 c5 7. Nf3 Nc6 8. dxc5
e5 9. cxd5 Qxd5 10. O-O Bxc3 11. Qxc3 e4 12. Bc4 Qh5 13. Nd4 Ng4 14. h3 Nge5
15. Be2 Qg5 16. f4 exf3 17. Nxf3 Nxf3+ 18. Bxf3 Bxh3 19. e4 Qg6 20. Bf4 Rad8
21. Bd6 Rfe8 22. e5 Bf5 23. b4 a6 24. a4 Qg5 25. b5 Nxe5 26. Bxe5 Rd3 27. Qc1
Rd2 28. Rf2 Red8 29. Bd6 1-0

[Event "M.Chigorin Memorial 2014"]
[Site "St. Petersburg"]
[Date "2014.10.19"]
[Round "2.159"]
[White "Mezentsev, Ivan"]
[Black "Rubtsov, Aleksandr"]
[Result "1-0"]
[WhiteElo "2080"]
[BlackElo "1666"]
[PlyCount "69"]
[EventDate "2014.10.18"]
[EventType "swiss"]
[EventCountry "RUS"]

1. d4 d5 2. c4 c6 3. Nc3 Nf6 4. Nf3 e6 5. Bg5 h6 6. Bh4 Be7 7. e3 Nbd7 8. Bd3
O-O 9. O-O dxc4 10. Bxc4 b6 11. Qe2 Bb7 12. Rfd1 Qc7 13. Rac1 Rac8 14. Bd3 Qb8
15. e4 Rfe8 16. Bg3 Qa8 17. h3 c5 18. Nb5 Nh5 19. Bh2 Nhf6 20. Nd2 cxd4 21. Nc7
Rxc7 22. Bxc7 e5 23. Nc4 Bc5 24. Bd6 Nxe4 25. Bxe4 Bxe4 26. Bxc5 Nxc5 27. Nd6
Re6 28. Nxe4 Nxe4 29. Re1 Nc5 30. b4 Na4 31. Rc7 Qb8 32. Rd7 b5 33. Qf3 a6 34.
Qxf7+ Kh7 35. Qxg7# 1-0

[Event "M.Chigorin Memorial 2014"]
[Site "St. Petersburg"]
[Date "2014.10.19"]
[Round "2.160"]
[White "Isaev, Vasily"]
[Black "Repkin, Alexander"]
[Result "0-1"]
[WhiteElo "1749"]
[BlackElo "2077"]
[PlyCount "38"]
[EventDate "2014.10.18"]
[EventType "swiss"]
[EventCountry "RUS"]

1. e4 e6 2. d4 d5 3. Nc3 Nf6 4. Bg5 Be7 5. e5 Nfd7 6. h4 O-O 7. Nf3 c5 8. Bxe7
Qxe7 9. Bd3 f6 10. Bxh7+ Kxh7 11. Ng5+ Kh6 12. Qd3 Rh8 13. h5 f5 14. Nxd5 exd5
15. Qxf5 Nxe5 16. Ne6 Qxe6 17. Qf4+ Kh7 18. dxe5 Qf5 19. Qe3 Qe4 0-1

[Event "M.Chigorin Memorial 2014"]
[Site "St. Petersburg"]
[Date "2014.10.19"]
[Round "2.161"]
[White "Pitkanen, Juhani"]
[Black "Kolodkin, Daniil"]
[Result "0-1"]
[WhiteElo "1736"]
[BlackElo "2072"]
[PlyCount "32"]
[EventDate "2014.10.18"]
[EventType "swiss"]
[EventCountry "RUS"]

1. d4 Nf6 2. c4 g6 3. f3 c5 4. d5 d6 5. e4 Bg7 6. Nc3 O-O 7. Nge2 e6 8. Ng3
exd5 9. exd5 Nbd7 10. Be2 h5 11. O-O h4 12. Nh1 Nh5 13. Nf2 Be5 14. Nd3 Bd4+
15. Kh1 Ng3+ 16. hxg3 hxg3 0-1

[Event "M.Chigorin Memorial 2014"]
[Site "St. Petersburg"]
[Date "2014.10.19"]
[Round "2.162"]
[White "Gantsevich, Dmitry"]
[Black "Rozhnov, Valeriy"]
[Result "0-1"]
[WhiteElo "1698"]
[BlackElo "2069"]
[PlyCount "130"]
[EventDate "2014.10.18"]
[EventType "swiss"]
[EventCountry "RUS"]

1. Nf3 d5 2. g3 Nf6 3. Bg2 g6 4. O-O Bg7 5. d3 O-O 6. Nbd2 c6 7. e4 dxe4 8.
dxe4 Qc7 9. c3 e5 10. Qc2 Bg4 11. h3 Bxf3 12. Nxf3 Nbd7 13. Be3 Rad8 14. Rfd1
Nb6 15. Bf1 Rd7 16. Rd2 Rfd8 17. Rad1 Rxd2 18. Rxd2 Rxd2 19. Nxd2 Qd7 20. Kg2
Nc8 21. f3 b6 22. Nc4 Ne8 23. a4 Ned6 24. Qd2 Qc7 25. b4 Nxc4 26. Bxc4 Nd6 27.
Bb3 Nb7 28. Bg5 a5 29. f4 h6 30. Bh4 exf4 31. gxf4 axb4 32. cxb4 Kh7 33. f5 Qe5
34. fxg6+ fxg6 35. Qe2 Nd6 36. Bc2 Qc3 37. Be1 Qf6 38. Qg4 Qb2 39. Qe2 Nf7 40.
Qd3 Ne5 41. Qe2 Qa3 42. b5 c5 43. Qd1 Nc4 44. Bf2 Ne3+ 45. Bxe3 Qxe3 46. Qd3
Qg5+ 47. Qg3 Qd2+ 48. Qf2 Qg5+ 49. Qg3 Qd2+ 50. Qf2 Qxf2+ 51. Kxf2 Bd4+ 52. Kf3
Kg7 53. Bb3 Kf6 54. Kg4 h5+ 55. Kf3 g5 56. Bc4 Bc3 57. Bb3 Ke5 58. Bd5 Bb2 59.
Bf7 g4+ 60. hxg4 hxg4+ 61. Kxg4 Kxe4 62. Bg6+ Kd4 63. Kf5 Kc4 64. Bh5 Kd4 65.
Ke6 c4 0-1

[Event "M.Chigorin Memorial 2014"]
[Site "St. Petersburg"]
[Date "2014.10.19"]
[Round "2.163"]
[White "Grachev, Alexey"]
[Black "Zvereva, Svetlana"]
[Result "1-0"]
[WhiteElo "2065"]
[BlackElo "1657"]
[PlyCount "99"]
[EventDate "2014.10.18"]
[EventType "swiss"]
[EventCountry "RUS"]

1. d4 d5 2. c4 e6 3. Nf3 Nf6 4. g3 Bb4+ 5. Bd2 Bxd2+ 6. Nbxd2 O-O 7. Bg2 c6 8.
O-O Nbd7 9. Qc2 Qe7 10. e4 dxe4 11. Nxe4 Nxe4 12. Qxe4 Nf6 13. Qe2 Qd6 14. Rfd1
Qc7 15. b4 b6 16. Ne5 Bb7 17. c5 Nd5 18. Bxd5 exd5 19. a4 f6 20. Ng4 Rae8 21.
Qd3 Bc8 22. Ne3 f5 23. Ng2 bxc5 24. dxc5 Qf7 25. b5 Bb7 26. Re1 Re4 27. f3 Ree8
28. Rac1 Qd7 29. Kf2 g6 30. Nf4 Rxe1 31. Rxe1 Re8 32. Rxe8+ Qxe8 33. Ne2 Qe7
34. Qc3 Ba8 35. Nd4 Qe5 36. Qe3 Qxe3+ 37. Kxe3 cxb5 38. axb5 Kf7 39. Ne2 Ke6
40. Kd4 g5 41. f4 g4 42. Nc3 h5 43. c6 Kd6 44. Nxd5 a6 45. bxa6 Bxc6 46. Nf6
Bb5 47. a7 Bc6 48. Nxh5 Kc7 49. Ke5 Kb7 50. Kxf5 1-0

[Event "M.Chigorin Memorial 2014"]
[Site "St. Petersburg"]
[Date "2014.10.19"]
[Round "2.164"]
[White "Goryachev, Maksim"]
[Black "Mamyrbay, Assad"]
[Result "0-1"]
[WhiteElo "1693"]
[BlackElo "2063"]
[PlyCount "74"]
[EventDate "2014.10.18"]
[EventType "swiss"]
[EventCountry "RUS"]

1. e4 c5 2. Nf3 d6 3. Bb5+ Nd7 4. O-O a6 5. Bxd7+ Bxd7 6. c3 Nf6 7. Re1 e5 8.
d3 Be7 9. Nbd2 O-O 10. Nf1 Re8 11. Ng3 Bf8 12. h3 g6 13. Bg5 h6 14. Be3 Bg7 15.
Qd2 Kh7 16. Nh2 Rc8 17. f4 c4 18. d4 exd4 19. Bxd4 Bc6 20. Qc2 Qa5 21. f5 Nxe4
22. fxg6+ fxg6 23. Nxe4 Qf5 24. Bxg7 Kxg7 25. Qf2 Rxe4 26. Rxe4 Qxf2+ 27. Kxf2
Bxe4 28. Rd1 d5 29. Nf1 Rf8+ 30. Kg3 Kf6 31. Ne3 Ke6 32. Ng4 h5 33. Nf2 Bf5 34.
h4 b5 35. Rd4 Ke5 36. Nd1 b4 37. Ne3 Be4 0-1

[Event "M.Chigorin Memorial 2014"]
[Site "St. Petersburg"]
[Date "2014.10.19"]
[Round "2.165"]
[White "Androsov, Sergey"]
[Black "Shugalei, Mikhail"]
[Result "1/2-1/2"]
[WhiteElo "2059"]
[BlackElo "1649"]
[PlyCount "92"]
[EventDate "2014.10.18"]
[EventType "swiss"]
[EventCountry "RUS"]

1. e4 d6 2. d4 g6 3. Nf3 Bg7 4. Bc4 e6 5. O-O Ne7 6. Bb3 O-O 7. Bg5 Nd7 8. Nbd2
b6 9. Qe2 c5 10. c3 Bb7 11. Rad1 Re8 12. Rfe1 Qc7 13. Qe3 d5 14. Bxe7 dxe4 15.
Nxe4 cxd4 16. Qg5 Bxe4 17. Rxe4 f6 18. Qh4 Rxe7 19. Nxd4 Nc5 20. Nxe6 Nxe6 21.
Rxe6 Rxe6 22. Bxe6+ Kh8 23. Qh3 Rd8 24. Rxd8+ Qxd8 25. Qf3 Qe7 26. Qc6 Bf8 27.
Kf1 Qd6 28. Qxd6 Bxd6 29. Ke2 Kg7 30. h3 f5 31. Kd3 Kf6 32. Bg8 h6 33. Kc4 Bc5
34. f3 a5 35. b4 axb4 36. cxb4 Bf2 37. a4 Ke5 38. Bh7 g5 39. g4 f4 40. Be4 Kd6
41. a5 bxa5 42. bxa5 Kc7 43. Kd5 Kb8 44. Ke5 Ka7 45. Bd3 Be1 46. a6 Bh4 1/2-1/2

[Event "M.Chigorin Memorial 2014"]
[Site "St. Petersburg"]
[Date "2014.10.19"]
[Round "2.166"]
[White "Matchenya, Ivan"]
[Black "Shemyakin, Valeriy"]
[Result "1-0"]
[WhiteElo "1659"]
[BlackElo "2054"]
[PlyCount "107"]
[EventDate "2014.10.18"]
[EventType "swiss"]
[EventCountry "RUS"]

1. e4 Nc6 2. d4 d5 3. Nc3 Nf6 4. e5 Nd7 5. Nxd5 Ndb8 6. Bc4 Be6 7. Ne3 Bxc4 8.
Nxc4 Qxd4 9. Qxd4 Nxd4 10. Ne3 Nbc6 11. c3 Ne6 12. Nf3 g6 13. a4 Bg7 14. Nc4
Nc5 15. O-O O-O-O 16. Bf4 h6 17. h4 Ne6 18. Bg3 a6 19. Rfd1 Rxd1+ 20. Rxd1 b5
21. axb5 axb5 22. Ne3 h5 23. Kf1 Rd8 24. Rxd8+ Kxd8 25. Ke2 Bh6 26. Nd5 Na5 27.
Nd4 Nxd4+ 28. cxd4 e6 29. Nb4 Nc4 30. Nd3 Kd7 31. f4 Kc6 32. Kf3 Kd5 33. Nb4+
Kxd4 34. Bf2+ Ne3 35. Bxe3+ Kc4 36. Nc6 Kb3 37. Bd4 Bf8 38. Ke4 Kc4 39. Bc3 b4
40. Bd4 Kb5 41. Nd8 c5 42. Be3 Kc4 43. Bc1 Kb3 44. Kd3 c4+ 45. Kd2 Be7 46. Nc6
Bxh4 47. Na5+ Ka2 48. Nxc4 g5 49. fxg5 Bxg5+ 50. Kc2 b3+ 51. Kd1 Be7 52. Bd2 f6
53. exf6 Bxf6 54. Bc3 1-0

[Event "M.Chigorin Memorial 2014"]
[Site "St. Petersburg"]
[Date "2014.10.19"]
[Round "2.167"]
[White "Pronin, Vladimir"]
[Black "Borunova, Tatiana"]
[Result "1/2-1/2"]
[WhiteElo "2053"]
[BlackElo "1629"]
[PlyCount "120"]
[EventDate "2014.10.18"]
[EventType "swiss"]
[EventCountry "RUS"]

1. e4 e5 2. Nc3 Nc6 3. Bc4 Bc5 4. Qg4 Kf8 5. Qd1 d6 6. Nf3 Bg4 7. h3 Bxf3 8.
Qxf3 Qf6 9. Qxf6 Nxf6 10. d3 Nd4 11. Bb3 Ke7 12. Ne2 Nxb3 13. axb3 Nd7 14. f4
f6 15. Ng3 g6 16. Ke2 Rhf8 17. Rf1 Ke6 18. f5+ Ke7 19. fxg6 hxg6 20. c3 Ke6 21.
Rd1 Bb6 22. d4 c5 23. d5+ Kf7 24. Rf1 Kg7 25. Bd2 Rf7 26. Rf3 Raf8 27. Raf1 Bd8
28. h4 f5 29. h5 f4 30. hxg6 Kxg6 31. Nf5 Nf6 32. Nxd6 Rd7 33. Nc4 Bc7 34. Kd3
Rxd5+ 35. exd5 e4+ 36. Ke2 exf3+ 37. Kxf3 Nxd5 38. Re1 Kf5 39. Rh1 Kg6 40. Rh4
b5 41. Na3 a6 42. Nc2 c4 43. bxc4 bxc4 44. Nd4 Rb8 45. Bc1 Re8 46. Ne2 Rb8 47.
Nxf4+ Bxf4 48. Bxf4 Rxb2 49. Rh6+ Kg7 50. Rxa6 Nxf4 51. Kxf4 Rc2 52. Ra3 Rxg2
53. Ke5 Rd2 54. Ra4 Kf7 55. Rxc4 Ke7 56. Rc7+ Kd8 57. Rh7 Kc8 58. c4 Rd1 59.
Ke6 Rd2 60. Rh5 Kc7 1/2-1/2

[Event "M.Chigorin Memorial 2014"]
[Site "St. Petersburg"]
[Date "2014.10.19"]
[Round "2.168"]
[White "Opanasenko, Mikhail"]
[Black "Akhmetshin, Aydar"]
[Result "1-0"]
[WhiteElo "2048"]
[BlackElo "1609"]
[PlyCount "39"]
[EventDate "2014.10.18"]
[EventType "swiss"]
[EventCountry "RUS"]

1. d4 Nf6 2. c4 c5 3. d5 b5 4. a4 bxc4 5. Nc3 g6 6. e4 d6 7. Bxc4 Nbd7 8. f4
Bg7 9. a5 O-O 10. Nf3 Re8 11. O-O e6 12. dxe6 fxe6 13. Qxd6 Bf8 14. Qc6 Rb8 15.
Bxe6+ Kh8 16. Ng5 Kg7 17. e5 Nh5 18. Rd1 Rb7 19. Bc4 Qe7 20. Nd5 1-0

[Event "M.Chigorin Memorial 2014"]
[Site "St. Petersburg"]
[Date "2014.10.19"]
[Round "2.169"]
[White "Pankova, Julia"]
[Black "Martynyuk, Elizaveta"]
[Result "0-1"]
[WhiteElo "1655"]
[BlackElo "2046"]
[PlyCount "66"]
[EventDate "2014.10.18"]
[EventType "swiss"]
[EventCountry "RUS"]

1. e4 c5 2. Nf3 Nc6 3. d4 cxd4 4. Nxd4 g6 5. Nc3 Bg7 6. Nb3 Nf6 7. Be2 O-O 8.
O-O d6 9. Be3 Be6 10. f4 Rc8 11. Bf3 Na5 12. Nxa5 Qxa5 13. Bd4 Qb4 14. Kh1 Rfd8
15. Ne2 Bc4 16. Bc3 Qc5 17. Qe1 e5 18. fxe5 dxe5 19. Rc1 Bh6 20. Rd1 Qe3 21.
Bxe5 Rxd1 22. Qxd1 Bxe2 23. Qxe2 Qxe2 24. Bxe2 Nxe4 25. Bd3 f5 26. Bxe4 fxe4
27. c3 Re8 28. Bd4 e3 29. Rb1 e2 30. Bf2 Bd2 31. Be1 Rf8 32. g3 Bxe1 33. Kg2
Bd2 0-1

[Event "M.Chigorin Memorial 2014"]
[Site "St. Petersburg"]
[Date "2014.10.19"]
[Round "2.170"]
[White "Zhdanov, Petr"]
[Black "Sapegin, Yaroslav"]
[Result "1-0"]
[WhiteElo "2040"]
[BlackElo "1587"]
[PlyCount "101"]
[EventDate "2014.10.18"]
[EventType "swiss"]
[EventCountry "RUS"]

1. e4 c5 2. Nf3 e6 3. d4 cxd4 4. Nxd4 a6 5. Bd3 Bc5 6. Nb3 Be7 7. O-O Nc6 8. f4
d6 9. Nc3 Nf6 10. Be3 b5 11. Qf3 Bb7 12. e5 Nd7 13. exd6 Bxd6 14. Rad1 Qe7 15.
Ne4 Bb8 16. Nbc5 Nxc5 17. Nxc5 Ba7 18. Be4 Bxc5 19. Bxc6+ Kf8 20. Rd7 Bxc6 21.
Rxe7 Bxf3 22. Bxc5 Bd5 23. Rxe6+ Kg8 24. Rd6 Be4 25. Rfd1 h5 26. c3 Kh7 27.
R1d4 Bf5 28. a4 Rae8 29. Rb4 bxa4 30. Rxa4 Re6 31. Kf2 Rxd6 32. Bxd6 Bd7 33.
Ra5 Bb5 34. b3 g6 35. c4 Bc6 36. g3 Bb7 37. Ke3 Re8+ 38. Kd4 Re2 39. h4 Rd2+
40. Kc5 Rd3 41. b4 Bc8 42. Kc6 Be6 43. c5 Bc4 44. Kb6 Bb5 45. Rxb5 axb5 46.
Kxb5 f5 47. Kc6 Rxg3 48. b5 Rb3 49. b6 Rb4 50. b7 g5 51. fxg5 1-0

[Event "M.Chigorin Memorial 2014"]
[Site "St. Petersburg"]
[Date "2014.10.19"]
[Round "2.171"]
[White "Bodnaruk, Svyatoslav"]
[Black "Svidinsky, Dmitry"]
[Result "1/2-1/2"]
[WhiteElo "1633"]
[BlackElo "2039"]
[PlyCount "75"]
[EventDate "2014.10.18"]
[EventType "swiss"]
[EventCountry "RUS"]

1. e4 c6 2. d4 d5 3. e5 Bf5 4. Nc3 e6 5. h3 Nd7 6. Be3 Ne7 7. Qd2 a6 8. f4 Qa5
9. Rb1 Qc7 10. Nf3 Bg6 11. Bd3 Bxd3 12. cxd3 Nf5 13. Bf2 c5 14. Rc1 Qa5 15. O-O
cxd4 16. Nxd4 Nxd4 17. Bxd4 Bc5 18. Bxc5 Qxc5+ 19. d4 Qb4 20. a3 Qb3 21. Rf3
O-O 22. Rg3 Rac8 23. Rf1 f5 24. exf6 Nxf6 25. f5 Qb6 26. Qh6 Rc7 27. Kh1 exf5
28. Rxf5 Qxd4 29. Nxd5 Nxd5 30. Qe6+ Rcf7 31. Rxd5 Qf6 32. Qxf6 Rxf6 33. Rd7
R8f7 34. Rd8+ Rf8 35. Rd7 R8f7 36. Rd8+ Rf8 37. Rd7 R8f7 38. Rd8+ 1/2-1/2

[Event "M.Chigorin Memorial 2014"]
[Site "St. Petersburg"]
[Date "2014.10.19"]
[Round "2.172"]
[White "Shuster, Andrei"]
[Black "Bezobrazov, Lev"]
[Result "1-0"]
[WhiteElo "2038"]
[BlackElo "1579"]
[PlyCount "63"]
[EventDate "2014.10.18"]
[EventType "swiss"]
[EventCountry "RUS"]

1. e4 Nf6 2. e5 Nd5 3. d4 d6 4. c4 Nb6 5. exd6 exd6 6. Nc3 Be7 7. Be2 O-O 8.
Nf3 Bf6 9. O-O Bf5 10. Be3 Nc6 11. Rc1 d5 12. c5 Nc8 13. Qb3 N8e7 14. Qxb7 Rb8
15. Qa6 Rxb2 16. Bb5 Qc8 17. Qa3 Rb4 18. Bxc6 Nxc6 19. Nxd5 Rb8 20. Nxf6+ gxf6
21. d5 Ne5 22. Nxe5 fxe5 23. Bh6 Re8 24. h4 Kh8 25. Qg3 Bg4 26. f3 f5 27. fxg4
f4 28. Qf3 Qa6 29. Bg5 h6 30. Bxf4 exf4 31. Qxf4 Rb2 32. Qd4+ 1-0

[Event "M.Chigorin Memorial 2014"]
[Site "St. Petersburg"]
[Date "2014.10.19"]
[Round "2.174"]
[White "Panov, Konstantin"]
[Black "Sheynin, Izrail"]
[Result "1/2-1/2"]
[WhiteElo "1588"]
[BlackElo "2030"]
[PlyCount "102"]
[EventDate "2014.10.18"]
[EventType "swiss"]
[EventCountry "RUS"]

1. g3 Nf6 2. Bg2 d5 3. d4 g6 4. c4 c6 5. b3 Bg7 6. Bb2 O-O 7. Nf3 Bf5 8. O-O
Qc8 9. Nc3 Bh3 10. cxd5 Bxg2 11. Kxg2 cxd5 12. Rc1 Nc6 13. b4 Qd8 14. a3 h5 15.
e3 Re8 16. Na4 Rc8 17. Nc5 b6 18. Nd3 Ne4 19. Qa4 Qd7 20. Rc2 Nd6 21. Rfc1 b5
22. Qb3 Nc4 23. Nc5 Qf5 24. a4 bxa4 25. Nxa4 e5 26. dxe5 N6xe5 27. Bxe5 Bxe5
28. Nxe5 Qxe5 29. Nc3 h4 30. Ne2 Qe4+ 31. Kg1 g5 32. gxh4 gxh4 33. Nf4 Kh7 34.
Qd3 Rg8+ 35. Kf1 Qxd3+ 36. Nxd3 Rg5 37. Nf4 Kg7 38. Nxd5 Nd2+ 39. Ke2 Rxc2 40.
Rxc2 Rxd5 41. Rxd2 Rb5 42. Rd4 h3 43. Kf3 a5 44. bxa5 Rxa5 45. Kg3 Kg6 46. Kxh3
Ra2 47. f4 f5 48. Kg3 Ra1 49. e4 fxe4 50. Rxe4 Kf5 51. Re5+ Kg6 1/2-1/2